Detalles MARC
| 000 -LIDER |
| fixed length control field |
01384nam a2200325 a 4500 |
| 001 - NÚMERO DE CONTROL |
| Identificador de número de control |
00000215 |
| 003 - IDENTIFICACDOR DE NÚMERO DE CONTROL |
| control field |
DO-SdBNP |
| 005 - DATE AND TIME OF LATEST TRANSACTION |
| control field |
20160411131512.0 |
| 007 - CAMPOS FIJOS DE DESCRIPCIÓN FÍSICA |
| fixed length control field |
00000215 |
| 008 - ELEMENTOS DE LONGITUD FIJA |
| fixed length control field |
150130s2012 dr ac 000 0 spa d |
| 020 ## - ISBN |
| International Standard Book Number |
9789945174090 |
| 040 ## - FUENTE DE CATALOGACIÓN |
| Agencia que crea de manera original el registro |
BPMSU |
| Idioma de catalogación |
spa |
| Agencia que realiza la transcripción |
BPMSU |
| 092 ## - LOCALLY ASSIGNED DEWEY DECIMAL CALL NUMBER |
| Número de clasificación |
372.7 |
| Número de ítem (Cutter) |
M425e, 3ro. 2012 |
| 245 00 - MENCIÓN DE TITULO |
| Título |
Matemática 3 : |
| Subtítulo |
educación básica / |
| Mención de responsabilidad |
coordinación editorial Anna Rogero Soler; dirección editorial Doris Arroba Jácome |
| 260 ## - PUBLICACIÓN, DISTRIBUCIÓN, ETC. (PIE DE IMPRENTA) |
| Lugar de publicación, distribución, etc |
Santo Domingo : |
| Nombre del editor, distribuidor, etc. |
SM, |
| Fecha de publicación, distribución, etc |
2012. |
| 300 ## - DESCRIPCIÓN FÍSICA |
| Extensión |
199 p. : |
| Otros detalles físicos |
il., retrs. ; |
| Dimensiones |
29 cm. |
| 490 1# - MENCIÓN DE SERIES |
| Mención de serie |
Proyecto Sé |
| 505 1# - NOTA DE CONTENIDO |
| Información miscelánea |
unidad 1 -- |
| Título |
Números naturales del mil al cien mil -- |
| Información miscelánea |
unidad 2 -- |
| Título |
Adición y sustración -- |
| Información miscelánea |
unidad 3 -- |
| Título |
Multiplicación de números naturales -- |
| Información miscelánea |
unidad 4 -- |
| Título |
División de números naturales -- |
| Información miscelánea |
unidad 5 -- |
| Título |
Fracciones -- |
| Información miscelánea |
unidad 6 -- |
| Título |
Geometría -- |
| Información miscelánea |
unidad 7 -- |
| Título |
La medición -- |
| Información miscelánea |
unidad 8 -- |
| Título |
Dinero. Estadística y variación -- |
| 650 ## - ENCABEZAMIENTO DE MATERIA--TEMÁTICO |
| Término temático o nombre geográfico como elemento de entrada |
MATEMÁTICAS |
| Subdivisión temática general |
ENSEÑANZA BÁSICA |
| 650 ## - ENCABEZAMIENTO DE MATERIA--TEMÁTICO |
| Término temático o nombre geográfico como elemento de entrada |
MATEMÁTICAS |
| Subdivisión temática general |
ENSEÑANZA ELEMENTAL |
| 650 ## - ENCABEZAMIENTO DE MATERIA--TEMÁTICO |
| Término temático o nombre geográfico como elemento de entrada |
EDUCACIÓN PRIMARIA |
| Subdivisión geográfica |
REPÚBLICA DOMINICANA |
| 650 ## - ENCABEZAMIENTO DE MATERIA--TEMÁTICO |
| Término temático o nombre geográfico como elemento de entrada |
MATEMÁTICAS |
| Subdivisión temática general |
ESTUDIOS Y EJERCICIOS |
| 650 ## - ENCABEZAMIENTO DE MATERIA--TEMÁTICO |
| Término temático o nombre geográfico como elemento de entrada |
MATEMÁTICAS |
| Subdivisión temática general |
LIBROS DE TEXTOS |
| 700 12 - ASIENTO SECUNDARIO -- NOMBRE PERSONAL |
| Mención de responsabilidad |
Rogero Soler, Anna |
| 700 12 - ASIENTO SECUNDARIO -- NOMBRE PERSONAL |
| Nombre personal |
Arroba Jácome, Doris |
| Mención de responsabilidad |
ed. |
| 830 #0 - ASIENTO SECUNDARIO DE SERIE--TÍTULO UNIFORME |
| Título uniforme |
Proyecto Sé |
| 910 ## - VALIDACIÓN |
| Validación |
Validado. Control de calidad MFF |
| 942 ## - ADDED ENTRY ELEMENTS (KOHA) |
| Source of classification or shelving scheme |
Dewey Decimal Classification |
| Koha item type |
Libros |
| 956 ## - LOCAL ELECTRONIC LOCATION AND ACCESS (OCLC) |
| Nombre de host |
YLOCKWARD |
| Número de acceso |
10 |